Trestná zodpovednosť členov obchodných spoločností v kontexte uplatnenia princípu ultima ratio
Uplatňovanie princípu ultima ratio v prípadoch protiprávneho konania konateľov obchodných spoločností napĺňajúcich znaky trestných činov majetkovej povahy, predovšetkým sprenevery a podvodu. Poukázanie na potrebu zmeny právnej úpravy dotýkajúcej sa princípu ultima ratio v podmienkach SR.
Salvato in:
| Autore principale: | |
|---|---|
| Natura: | Capitolo di libro |
| Lingua: | slovacco |
| Soggetti: | |
| Tags: |
Nessun Tag, puoi essere il primo ad aggiungerne!!
|
MARC
| LEADER | 00000naa a2200000 4500 | ||
|---|---|---|---|
| 001 | 0273244 | ||
| 005 | 20210427111048.6 | ||
| 041 | 0 | |a slo | |
| 044 | |a SK | ||
| 245 | 1 | 0 | |a Trestná zodpovednosť členov obchodných spoločností v kontexte uplatnenia princípu ultima ratio |c Eva Szabová |
| 520 | |a Uplatňovanie princípu ultima ratio v prípadoch protiprávneho konania konateľov obchodných spoločností napĺňajúcich znaky trestných činov majetkovej povahy, predovšetkým sprenevery a podvodu. Poukázanie na potrebu zmeny právnej úpravy dotýkajúcej sa princípu ultima ratio v podmienkach SR. | ||
| 610 | 2 | 0 | |a spoločnosti obchodné |
| 610 | 2 | 0 | |a zodpovednosť trestná |
| 610 | 2 | 0 | |a právo trestné |
| 610 | 2 | 0 | |a majetok |
| 610 | 2 | 0 | |a úrady |
| 100 | 1 | |a Szabová, Eva | |